000 00661nam a2200241Ia 4500
003 OSt
005 20221007073058.0
006 a|||||r|||| 00| 0
007 ta
008 221006b |||||||| |||| 00| 0 eng d
024 _a10,246
037 _cTextual
040 _aFLL
_cFLL
_beng
041 _2eng
_aeng
082 _a905, K8
100 _aLouis Armand Au.
_9691868
245 0 _aEuropean challenge
260 _aLondon
_bWeildenfeld and nigolson London
_c1968
300 _a255p
_ccm.
700 _a Drancourt Michel Au.
_9691869
942 _h905, K8
_cTEXL
_2CC
999 _c1147638
_d1147638